Les sports au programme des Jeux Paralympiques de 2024 - Statistiques

Statistiques générales
  • Ce quiz a été pris 18 fois
  • Le résultat moyen est 13 sur 22
Statistiques - réponses
Sports aux JO paralympiques 2024 % Correct
Football à 5
86%
Basketball en fauteuil roulant
71%
Boccia
71%
Judo
71%
Natation
71%
Tennis
71%
Tennis de table
71%
Athétisme
64%
Aviron
64%
Badminton
64%
Rugby
64%
Tir
64%
Volley-ball assis
64%
Goalball
57%
Canoe-kayak
50%
Cyclisme
50%
Escrime
50%
Equitation
43%
Haltérophilie
43%
Taekwondo
43%
Tir à l'arc
43%
Triathlon
43%
Aucun quiz correspondant
Distribution des résultats
% des personnes avec chaque résultat
Percentile par nombre de réponses
Votre historique - résultats
Vous n’avez pas pris ce quiz